Sports Quiz

Random Sports Quiz

National League Spring Training Sites Quiz Stats

Quiz not verified by Sporcle

Challenge
Share
Tweet
Embed
Score 0/14 Timer 05:00
0 Plays Today
Location Team % Correct
Tuscon, AZColorado Rockies & Arizona Diamondbacks
81.5%
Jupiter, FLSt. Louis Cardinals & Florida Marlins
77.8%
Port St. Lucie, FLNew York Mets
77.8%
Clearwater, FLPhiladelphia Phillies
77.8%
Mesa, AZChicago Cubs
74.1%
Orlando, FLAtlanta Braves
70.4%
Goodyear, AZCincinnati Reds
70.4%
Location Team % Correct
Vero Beach, FLLos Angeles Dodgers
70.4%
Scottsdale, AZSan Francisco Giants
70.4%
Bradenton, FLPittsburgh Pirates
66.7%
Viera, FLWashington Nationals
66.7%
Phoenix, AZMilwaukee Brewers
63%
Peoria, AZSan Diego Padres
63%
Kissimmee, FLHouston Astros
59.3%

You're not logged in!

Compare scores with friends on all Sporcle quizzes.
Join for Free
OR
Log In

You Might Also Like...

Show Comments

Extras

Top Quizzes Today


Score Distribution

Your Account Isn't Verified!

In order to create a playlist on Sporcle, you need to verify the email address you used during registration. Go to your Sporcle Settings to finish the process.

Report this User

Report this user for behavior that violates our Community Guidelines.

Details: